000 00662nam a22002057a 4500
003 BUBTL
008 221127b ||||| |||| 00| 0 eng d
020 _a0521227704
082 _a822.309/ B7262t/ 1980
100 _94985
_aBradbrook, M.C.
245 _aThemes and Conventions of Elizabethan Tragedy/
_c M.C. Bradbrook
250 _a2nd Edn.
260 _aCambridge, USA:
_bCambridge University Press,
_cc1980
300 _a270 p.:
_c27 cm.
505 _aThemes and Conventions of Elizabethan Tragedy, M.C. Bradbrook, English
650 0 _91994
_aEnglish Literature
856 _k0
_l0
_yDownload
942 _2ddc
_cBK
999 _c6836
_d6836